NewJeans ! - Statistiques

Statistiques générales
  • Ce quiz a été pris 189 fois
  • Le résultat moyen est 7 sur 9
Statistiques - réponses
Réponse % Correct
Nom du groupe NewJeans
100%
Membre australienne-coréenne Danielle
92%
Membre australienne-vietnamienne Hanni
92%
Membre la plus jeune Hyein
91%
Membre la plus âgée Minji
91%
Membre qui ressemble à un chat Haerin
89%
Nom du 2ème album Get Up
49%
Abréviation du nom du groupe NWJNS
46%
Nom du 1er album Attention
43%
Aucun quiz correspondant
Distribution des résultats
% des personnes avec chaque résultat
Percentile par nombre de réponses
Votre historique - résultats
Vous n’avez pas pris ce quiz